| 000 | 00377nam a22001457a 4500 | ||
|---|---|---|---|
| 020 | _a1565924010 | ||
| 082 |
_222 _a005.7565 |
||
| 100 | _aKline, Kevin ...[et al.]. | ||
| 245 | _aTransact SQL programming / | ||
| 260 |
_aCalifornia, _bO'Reilly, _cc1999. |
||
| 300 |
_axxvi, 807p. ; _bill. ; _c23 cm. |
||
| 700 | _aGould, Lee, | ||
| 700 | _aand Zanevsky, Andrew. | ||
| 942 |
_2ddc _cIT |
||
| 999 |
_c2282 _d2282 |
||